000 00792nam a2200229 i 4500
001 173215
003 ES-MaACL
005 20250822063224.0
008 091118s1889 fr |||| | fre d
080 _a782.6
100 0 _aLockroy, Joseph-Philippe,
_d1803-1891
_973057
245 1 4 _aLes dragons de Villars
_b: opéra-comique en trois actes /
_cpar Lockroy et Cormon ; musique de Aimé Maillart.
250 _aNouvelle édition.
260 _aParis :
_bCalmann Lévy,
_c1889.
300 _a67 p. ;
_c17 cm.
500 _aSolo la letra.
650 4 _aÓperas-
_vLibretos.
_9137584
700 1 _aCormon, Eugène.
_9139107
700 1 _aMaillart, Aimé.
_9141574
852 _aES-MaACL
_j2254-F-32
_9R.190324
_z.- Biblioteca Jacinto Martínez Lacalle
999 _c173215
_d173215